Lecciones de histología veterinaria : microsocopia y técnicas histológicas /
Guardado en:
| Autor Principal: | |
|---|---|
| Otros Autores: | , |
| Formato: | Libro |
| Publicado: |
Buenos Aires :
Hemisferio Sur,
1984
|
| Materias: | |
| Etiquetas: |
Agregar Etiqueta
Sin Etiquetas, Sea el primero en etiquetar este registro!
|
| LEADER | 00936nam a22002295a 4500 | ||
|---|---|---|---|
| 001 | CEM.cems017588 | ||
| 005 | 20110518092606.0 | ||
| 008 | 130507s1984##################000#0#####d | ||
| 003 | CEMS | ||
| 020 | |a 9505042752 | ||
| 082 | 0 | 4 | |a 636.0891 |
| 100 | 1 | |a Celani de Bassi, María Silvia | |
| 245 | 1 | 0 | |a Lecciones de histología veterinaria : |b microsocopia y técnicas histológicas / |c María Silvia Celani de Bassi, Jorge Fernández Surribas E Irene Von Lawzewitsch |
| 260 | |a Buenos Aires : |b Hemisferio Sur, |c 1984 | ||
| 300 | |a 101 p. | ||
| 505 | 0 | |a Microscopia / María Silvia Celani de Bassi e Irene von Lawzewitsch -- Técnicas histológicas / Jorge Fernández Surribas e Irene von Lawzewitsch | |
| 653 | |a Histología veterinaria | ||
| 653 | |a Histología-técnicas | ||
| 653 | |a Microscopia | ||
| 700 | 1 | |a Fernández Surribas. Jorge | |
| 700 | 1 | |a Lawzewitsch, Irene von | |
| 859 | |a CEMS |b BIB. CEMS - Agricultura |h 636.0891 |i C330 |p A1378.11 |t Ej.1 | ||
